লোক-বিশ্বাস ও লোক-সংস্কার / (Record no. 47425)
[ view plain ]
| 000 -LEADER | |
|---|---|
| fixed length control field | 01050nam a2200253 a 4500 |
| 001 - CONTROL NUMBER | |
| control field | 47425 |
| 003 - CONTROL NUMBER IDENTIFIER | |
| rucl marc code | BD-RjUL |
| 005 - DATE AND TIME OF LATEST TRANSACTION | |
| control field | 20211209054318.0 |
| 008 - FIXED-LENGTH DATA ELEMENTS--GENERAL INFORMATION | |
| fixed length control field | 160808s2003 bg ||||| b||| 00| 0 ben d |
| 020 ## - INTERNATIONAL STANDARD BOOK NUMBER | |
| International Standard Book Number | 8185471312 |
| Terms of availability | : Tk. 100.00 |
| 035 ## - SYSTEM CONTROL NUMBER | |
| System control number | (BD-RjUL)47544 |
| 040 ## - CATALOGING SOURCE | |
| Original cataloging agency | BD-RjUL |
| Language of cataloging | eng |
| Transcribing agency | BD-RjUL |
| 041 ## - LANGUAGE CODE | |
| Language code of text/sound track or separate title | eng |
| 082 ## - DEWEY DECIMAL CLASSIFICATION NUMBER | |
| Classification number | 398.2095414 |
| Author mark and year | CHL 2003 |
| 100 ## - MAIN ENTRY--PERSONAL NAME | |
| Personal name | চক্রবর্তী, বরুণকুমার |
| 9 (RLIN) | 144235 |
| 245 10 - TITLE STATEMENT | |
| Title | লোক-বিশ্বাস ও লোক-সংস্কার / |
| Statement of responsibility, etc. | বরুণকুমার চক্রবর্তী |
| 250 ## - EDITION STATEMENT | |
| Edition statement | ৪র্থ সং. |
| 260 ## - PUBLICATION, DISTRIBUTION, ETC. (IMPRINT) | |
| Place of publication, distribution, etc. | কলকাতা : |
| Name of publisher, distributor, etc. | পুস্তক বিপণী, |
| Date of publication, distribution, etc. | ২০০৩ |
| 300 ## - PHYSICAL DESCRIPTION | |
| Pagination | ১৯৫ পৃ. ; |
| Size | ১৯ সেমি. |
| 504 ## - BIBLIOGRAPHY, ETC. NOTE | |
| Bibliography, etc | গ্রন্থপঞ্জি সংযুক্ত |
| 650 ## - SUBJECT ADDED ENTRY--TOPICAL TERM | |
| Topical term or geographic name as entry element | বাংলা (দক্ষিণ এশিয়ার মানুষ) |
| General subdivision | লোকাচারবিদ্যা |
| 9 (RLIN) | 144236 |
| Topical term or geographic name as entry element | Bengali (South Asian people) |
| General subdivision | Folklore |
| 9 (RLIN) | 144237 |
| 942 ## - ADDED ENTRY ELEMENTS (KOHA) | |
| Source of classification or shelving scheme | Dewey Decimal Classification |
| Koha item type | Books |
| Lost status | Source of classification or shelving scheme | Damaged status | Not for loan | Collection code | Permanent Location | Current Location | Shelving location | Date acquired | Source of acquisition | Cost, normal purchase price | Total Checkouts | Full call number | Checked out | Date last seen | Date checked out | Copy number | Koha item type |
|---|---|---|---|---|---|---|---|---|---|---|---|---|---|---|---|---|---|
| Dewey Decimal Classification | Non-fiction | Central Library, University of Rajshahi | Central Library, University of Rajshahi | 16/01/2008 | Paragogn Enterprise, Dhaka | 100.00 | 3 | B 398.2095414 CHL 2003 | 27/04/2026 | 12/04/2026 | 12/04/2026 | C-2 | Books | ||||
| Dewey Decimal Classification | Non-fiction | Central Library, University of Rajshahi | Central Library, University of Rajshahi | 16/01/2008 | Paragogn Enterprise, Dhaka | 100.00 | 2 | B 398.2095414 CHL 2003 | 03/05/2026 | 12/04/2026 | C-3 | Books | |||||
| Dewey Decimal Classification | Non-fiction | Central Library, University of Rajshahi | Central Library, University of Rajshahi | 16/01/2008 | Paragogn Enterprise, Dhaka | 100.00 | 2 | B 398.2095414 CHL 2003 | 28/04/2026 | 12/04/2026 | C-4 | Books |